| 000 | 00535cam a22002171 4500 | ||
|---|---|---|---|
| 001 | sa 65000561 | ||
| 003 | DLC | ||
| 005 | 20260227112103.0 | ||
| 008 | 900102s1963 ii a 000 0 gujo | ||
| 010 | _asa 65000561 | ||
| 035 | _a(OCoLC)20837947 | ||
| 040 |
_aDLC _cWaU _dDLC |
||
| 042 | _apremarc | ||
| 050 | 0 | 0 |
_aPK1856 _b.D4 |
| 100 | 1 |
_aDeśāī, Jehāṅgīra Māṇekajī, _d1898- |
|
| 245 | 1 | 0 | _aNavasārikā. |
| 260 | _c[1963] | ||
| 300 |
_a6, 25, 260 p. _cillus. |
||
| 500 | _aIn Gujarati. | ||
| 650 | 0 | _aGujarati poetry. | |
| 999 |
_c61608 _d61608 |
||